Istoričeskaja enciklopedija Sibiri [I], A-I

Bibliographic Details
Other Authors: Derevjanko, A. P. (Research team head)
Format: Book
Language:Russian
PhysicalDescription:715 s. ilustr., mp., portr. 27 cm
Published: Novosibirsk Rossijskaja akademija nauk 2010
ISBN:5840202304
Subjects:

MARC

LEADER 00000nam a2200000 a 4500
001 vtls010299546
003 SK-MaSNL
005 20260301031951.0
008 180809s2010 ru bca he 000 0drus
020 |a 5840202304  |q (viaz.) 
040 |a SNK  |b slo  |c SNK  |e AACR2 
041 0 |a rus 
043 |a e-ru--- 
044 |a ru  |c RU 
072 7 |a 94(47+57)  |x Dejiny ZSSR a Ruska  |2 konspekt 
080 |a 316.72/.75  |2 2001 
080 |a 94(571.1/.5)  |2 2001 
080 |a (048.8)  |2 2001 
080 |a (031)  |2 2001 
245 0 0 |a Istoričeskaja enciklopedija Sibiri  |n [I], A-I  |c [rukovoditel' projekta A. P. Derevjanko] 
260 |a Novosibirsk  |b Rossijskaja akademija nauk  |c 2010 
300 |a 715 s.  |b ilustr., mp., portr.  |c 27 cm 
650 0 7 |a kultúra a spoločnosť  |2 SNKPH  |9 4083 
651 7 |a Sibír (Rusko)  |2 SNKPH  |9 39940 
655 7 |a prehľady  |2 SNKPH  |9 70194 
655 7 |a encyklopédie  |2 SNKPH  |9 28776 
700 1 |a Derevjanko, A. P.  |4 rth  |9 328408 
919 |a 5-8402-0230-4 
999 |c 577604  |d 579534 
952 |t snkIST/1 94(47)(031)  |a SNKUST  |b SNKUST  |y PREZ  |7 0  |p 17A0717508  |o snkIB 72474/1  |i snk2011/18530  |8 2  |g 24.53  |0 0  |1 0  |4 0  |d 2011-08-10  |l 0  |r 2025-04-30 00:00:00  |w 2026-02-23